Deutsche Städte Allgemeinwissen - Statistiken

Allgemein
  • Dieses Quiz wurde 131 mal gespielt
  • Das Durchschnittsergebnis liegt bei 20 aus 24
Antwortstatistiken
Hint Antwort % Korrekt
Ehemalige Hauptstadt der BRD Bonn
98%
Zweitgrößte Stadt Bremens Bremerhaven
98%
Bekannt für das Oktoberfest München
98%
Hier landen die Blitzerpunkte Flensburg
97%
Größter Hafen Deutschlands Hamburg
97%
Stadt der Mainzelmännchen Mainz
97%
Bevölkerungsreichste Stadt Deutschlands Berlin
95%
Bevölkerungsreichste Stadt in NRW Köln
95%
Landeshauptstadt von Hessen Wiesbaden
94%
Sitz von Porsche und Mercedes Benz Stuttgart
92%
Bekannt für das Puppentheater Augsburg
91%
Hier ist Schalke 04 zuhause Gelsenkirchen
91%
Landeshauptstadt von Mecklenburg-Vorpommern Schwerin
90%
Stadt mit einer Schwebebahn Wuppertal
90%
Hier steht die Frauenkirche Dresden
89%
Westlichste Stadt Deutschlands Aachen
88%
Hier steht die höchste Kirche der Welt Ulm
80%
Ehemalig Karl-Marx-Stadt Chemnitz
78%
Gründungsstadt von Carl Zeiss Jena
78%
Östlichste Stadt Deutschlands Görlitz
65%
Bekannt als Albrecht-Dürer-Stadt Nürnberg
54%
Gründungsstadt von Aldi Essen
45%
New York, Rio, ... (Sportfreunde Stiller) Rosenheim
45%
Bekannt als deutsches Venedig Bamberg
14%
Keine übereinstimmenden Quizze gefunden
Verteilung der Resultate
Anzahl Personen mit jedem Resultat
Perzentil nach korrekt beantworteten Fragen
Ihre Resultats-Entwicklung
Sie haben dieses Quiz noch nicht gespielt